Normal view
MARC view
- Manolakis, Dimitris. G Proakis, John. G
Entry Personal Name
001 - CONTROL NUMBER
- control field: 74607
003 - CONTROL NUMBER IDENTIFIER
- control field: NUST
005 - DATE AND TIME OF LATEST TRANSACTION
- control field: 20210628205243.0
008 - FIXED-LENGTH DATA ELEMENTS
- fixed length control field: 210628|| aca||aabn | a|a d
040 ## - CATALOGING SOURCE
- Original cataloging agency: NUST
- Transcribing agency: NUST
100 ## - HEADING--PERSONAL NAME
- Personal name: Manolakis, Dimitris. G Proakis, John. G
670 ## - SOURCE DATA FOUND
- Source citation: Work cat.: (NUST): Manolakis, Dimitris. G Proakis, John. G, Digital signal processing principles algorithms and application, 1997
